Modi's A textbook of Medical Jurisprudence and Toxicology with a Concise Medical Dictionary (English to Urdu) / (Record no. 613959)

000 -LEADER
fixed length control field 00391nam a22001097a 4500
082 ## - DEWEY DECIMAL CLASSIFICATION NUMBER
Classification number 340.6
Author Mark MOD
245 ## - TITLE STATEMENT
Title Modi's A textbook of Medical Jurisprudence and Toxicology with a Concise Medical Dictionary (English to Urdu) /
Statement of responsibility, etc. Edited by Justice K Kannan and Dr. Karunakaran Mathiharn
260 ## - PUBLICATION, DISTRIBUTION, ETC.
Place of publication, distribution, etc. Lahore:
Name of publisher, distributor, etc. Omer Law Book House,
Date of publication, distribution, etc. 2022.
300 ## - PHYSICAL DESCRIPTION
Extent 421 p.
563 ## - BINDING INFORMATION
Binding note HB.
942 ## - ADDED ENTRY ELEMENTS (KOHA)
Source of classification or shelving scheme
Koha item type Book
Holdings
Withdrawn status Lost status Source of classification or shelving scheme Damaged status Not for loan Permanent Location Current Location Date acquired Total Checkouts Full call number Barcode Date last seen Price effective from Koha item type
          NUST Law School (NLS) NUST Law School (NLS) 06/28/2025   340.6 MOD NLS-2434 06/28/2025 06/28/2025 Book
          NUST Law School (NLS) NUST Law School (NLS) 06/28/2025   340.6 MOD NLS-2435 06/28/2025 06/28/2025 Book
          NUST Law School (NLS) NUST Law School (NLS) 06/28/2025   340.6 MOD NLS-2433 06/28/2025 06/28/2025 Book
© 2023 Central Library, National University of Sciences and Technology. All Rights Reserved.